000
00223nam a22001097a 4500
999
_c
165328
_d
165328
082
_a
_b
100
_a
Bachchan
245
_a
Do chatanen/
_c
by Bachchan.
260
_a
New Delhi:
_b
Rajpal,
_c
650
_a
942
_c
BK